Estatísticas para Países que começam com a letra "B"

Clique aqui para jogar o quiz

Estatísticas Gerais

  • Esse quiz foi jogado 1 324 vezes
  • A pontuação média é 13 de 17

Estatísticas das Respostas

Países% Correto
BRASIL
95%
BOLÍVIA
88%
BÉLGICA
87%
BÓSNIA
83%
BELIZE
79%
BOTSUANA
79%
BUTÃO
79%
BAHAMAS
78%
BARBADOS
77%
BULGÁRIA
77%
BRUNEI
74%
BANGLADESH
71%
BURUNDI
71%
BENIN
66%
BAHRAIN
65%
BURKINA FASO
63%
BIELORRÚSSIA
62%

Distribuição das Pontuações

Percentil de Números Respondidos

Porcentagem de Pessoas com Cada Pontuação

Sua Pontuação Histórica

Você não jogou esse quiz